000 01590cam a22003251i 4500
003 SA-RiAUC
005 20250530161420.0
008 250528s1994 le g b 001 0 ara c
040 _aKW-ShULA
_bara
_cSA-RiAUC
_erda
050 4 _bI276. 1994
082 0 4 _a227.3
_qSA-RiAUC
090 _a227.3
_bا ب ن م
100 1 _aابن المنير السكندري، أحمد بن محمد بن منصور،
_d620-683 هجري
_eمؤلف.
245 1 2 _aالتيسير العجيب في تفسير الغريب /
_cتأليف ناصر الدين أبي العباس أحمد بن محمد المالكي الإسكندراني المعروف بابن المنير ؛ تحقيق سليمان ملا إبراهيم أوغلو.
250 _aالطبعة الأولى.
264 1 _aبيروت :
_bدار الغرب الإسلامي،
_c1994
300 _a285 صفحة ؛
_c24 سم
336 _aنص
_btxt
_2rdacontent
_3كتاب
337 _aبدون وسيط
_bn
_2rdamedia
338 _aمجلد
_bnc
_2rdacarrier
500 _aيشتمل على كشافات.
504 _aببليوجرافية : صفحة 275-280.
630 2 7 _aالقرآن
_xغريب
_2aucut
630 2 7 _aالقرآن
_xتفاسير
_2aucut
700 1 2 _iتحقيق لـ :
_aابن المنير السكندري، أحمد بن محمد بن منصور،
_d620-683 هجري.
_tالتيسير العجيب في تفسير الغريب.
700 1 _aأوغلو، سليمان ملا إبراهيم
_eمحقق.
730 2 2 _aالقرآن
942 _2ddc
_cBOOK
_n0
949 _aSA-JeALM
_d250528
_uosman123
_n1
999 _c8543
_d8543